[Event "VIII Open A"]
[Site "Bergamo ITA"]
[Date "2009.07.17"]
[Round "2"]
[White "Epishin, Vladimir V."]
[Black "Drei, Andrea"]
[Result "1-0"]
[WhiteElo "2592"]
[BlackElo "2257"]
[PlyCount "77"]
[EventDate "2009.07.17"]

1. d4 Nf6 2. Nf3 e6 3. c4 Bb4+ 4. Bd2 c5 5. Bxb4 cxb4 6. Qd3 O-O 7. Nbd2 d6 8.
e4 b6 9. Be2 Bb7 10. O-O Nbd7 11. Bd1 e5 12. Ba4 Qc7 13. Rfe1 Rfe8 14. a3 bxa3
15. Qxa3 a6 16. Bc2 a5 17. Rad1 g6 18. Bb1 Rac8 19. b3 Rcd8 20. Qb2 Nb8 21. Nf1
Nc6 22. Ng3 Rd7 23. Qd2 Nxd4 24. Nxd4 exd4 25. Qxd4 Re6 26. f3 Rde7 27. Ne2 Ne8
28. Qf2 Qc5 29. Nf4 Rf6 30. Qxc5 dxc5 31. Nd5 Bxd5 32. cxd5 Rd7 33. e5 Rf4 34.
Be4 Rh4 35. g3 Rh5 36. f4 f6 37. Bf3 Rh6 38. d6 f5 39. Bc6 1-0

[Event "VIII Open A"]
[Site "Bergamo ITA"]
[Date "2009.07.17"]
[Round "2"]
[White "Gatterer, Florian"]
[Black "Sumets, Andrey"]
[Result "1/2-1/2"]
[WhiteElo "2323"]
[BlackElo "2595"]
[PlyCount "33"]
[EventDate "2009.07.17"]

1. e4 e6 2. d4 d5 3. Nd2 a6 4. Bd3 c5 5. dxc5 Bxc5 6. Ngf3 Ne7 7. O-O Nbc6 8.
c3 O-O 9. Qe2 Bb6 10. Nb3 Qc7 11. Be3 Bxe3 12. Qxe3 h6 13. Rfe1 e5 14. exd5
Nxd5 15. Qc5 Rd8 16. Bc2 f6 17. Qc4 1/2-1/2

[Event "VIII Open A"]
[Site "Bergamo ITA"]
[Date "2009.07.17"]
[Round "2"]
[White "Giancotti, Eraldo"]
[Black "Pinto, Antonio"]
[Result "1-0"]
[WhiteElo "2100"]
[BlackElo "1935"]
[PlyCount "79"]
[EventDate "2009.07.17"]

1. Nf3 Nf6 2. d4 g6 3. c4 Bg7 4. Nc3 O-O 5. e4 d6 6. Be2 e5 7. O-O Na6 8. Re1
exd4 9. Nxd4 Nc5 10. Bf3 Re8 11. b4 Ne6 12. Nc2 Nd7 13. Bd2 Ng5 14. Rc1 Nxf3+
15. Qxf3 Ne5 16. Qe2 c6 17. Ne3 Qh4 18. f3 f5 19. Red1 f4 20. Be1 Qf6 21. Nf1
Bf8 22. Bf2 Be6 23. Nd2 Qf7 24. Ncb1 b6 25. a4 Rad8 26. Na3 Bg7 27. Qf1 d5 28.
cxd5 cxd5 29. Nb5 dxe4 30. Nxe4 Bc4 31. Qe1 Bxb5 32. axb5 Nd3 33. Qd2 Nxc1 34.
Qxd8 Rxd8 35. Rxd8+ Bf8 36. Bh4 Kg7 37. Bf6+ Kh6 38. Bg5+ Kh5 39. h4 Bg7 40.
g4+ 1-0

[Event "VIII Open A"]
[Site "Bergamo ITA"]
[Date "2009.07.17"]
[Round "2"]
[White "Lazic, Miroljub"]
[Black "Nielsen, Steffen"]
[Result "1-0"]
[WhiteElo "2454"]
[BlackElo "2206"]
[PlyCount "57"]
[EventDate "2009.07.17"]

1. d4 Nf6 2. g3 g6 3. Bg2 Bg7 4. e4 d6 5. Nc3 O-O 6. h3 c5 7. dxc5 dxc5 8. Qxd8
Rxd8 9. e5 Ne8 10. f4 Na6 11. a3 f6 12. exf6 exf6 13. Be3 Rb8 14. Nge2 f5 15.
Bd5+ Kf8 16. O-O-O Nec7 17. Bf3 Re8 18. Bf2 Be6 19. g4 b6 20. gxf5 Bxf5 21. Ng3
Be6 22. Nge4 Rbd8 23. Nd6 Bh6 24. Nxe8 Bxf4+ 25. Kb1 Rxe8 26. Bg4 Nb8 27. Rhf1
Bxg4 28. hxg4 g5 29. Bg3 1-0

[Event "VIII Open A"]
[Site "Bergamo ITA"]
[Date "2009.07.17"]
[Round "2"]
[White "Locci, Damiano"]
[Black "Di Lascio, Savino"]
[Result "1-0"]
[WhiteElo "2119"]
[BlackElo "2012"]
[PlyCount "75"]
[EventDate "2009.07.17"]

1. c4 Nf6 2. Nc3 e5 3. Nf3 Nc6 4. a3 d5 5. cxd5 Nxd5 6. Qc2 g6 7. e3 Bg7 8. Bc4
Nb6 9. Be2 O-O 10. O-O Be6 11. d3 Na5 12. Nd2 Rc8 13. b4 Nc6 14. Bb2 f5 15. Nb3
Nd7 16. Rfd1 Qh4 17. b5 Ne7 18. d4 c6 19. g3 Qh6 20. dxe5 cxb5 21. Nd4 Bd5 22.
Qd2 Bc4 23. Bxc4+ bxc4 24. Nxf5 Nxf5 25. Qxd7 Nxe3 26. Bc1 Rxf2 27. Qxc8+ Bf8
28. Qxc4+ Kh8 29. Kxf2 Nxd1+ 30. Nxd1 Qxh2+ 31. Kf3 Qh1+ 32. Ke2 Qh5+ 33. g4
Qxe5+ 34. Kd3 Qd6+ 35. Kc2 h5 36. Bb2+ Kh7 37. Qf7+ Kh6 38. Bc1+ 1-0

[Event "VIII Open A"]
[Site "Bergamo ITA"]
[Date "2009.07.17"]
[Round "2"]
[White "Martorelli, Antonio"]
[Black "Bove, Alessandro"]
[Result "0-1"]
[WhiteElo "2225"]
[BlackElo "2305"]
[PlyCount "52"]
[EventDate "2009.07.17"]

1. e4 c5 2. Nf3 Nc6 3. Bb5 Na5 4. O-O a6 5. Be2 e6 6. d4 cxd4 7. Nxd4 Qc7 8.
Nc3 Nf6 9. f4 d6 10. Qe1 b5 11. Bf3 Bb7 12. Kh1 Be7 13. e5 Nd7 14. f5 Nxe5 15.
Bxb7 Qxb7 16. fxe6 O-O 17. exf7+ Rxf7 18. Rxf7 Nxf7 19. Qe6 Bf8 20. Bf4 Qe7 21.
Qg4 Qf6 22. Nf5 Qg6 23. Qh3 Re8 24. Rf1 Nc4 25. b3 Nce5 26. Re1 Nd3 0-1

[Event "VIII Open A"]
[Site "Bergamo ITA"]
[Date "2009.07.17"]
[Round "2"]
[White "Mola, Pietro"]
[Black "Borgo, Giulio"]
[Result "0-1"]
[WhiteElo "2255"]
[BlackElo "2433"]
[PlyCount "78"]
[EventDate "2009.07.17"]

1. Nf3 d5 2. c4 e6 3. g3 Nf6 4. Bg2 Nc6 5. O-O a6 6. b3 Be7 7. d4 Ne4 8. Bb2
O-O 9. Nbd2 f5 10. e3 Bd7 11. Nxe4 fxe4 12. Ne5 Nxe5 13. dxe5 c6 14. Qd4 Rf7
15. f3 c5 16. Qc3 exf3 17. Rxf3 Rxf3 18. Bxf3 dxc4 19. Qxc4 Qc7 20. Bg4 Qc6 21.
Rf1 Rf8 22. Rxf8+ Bxf8 23. Qf1 Qe4 24. Bf3 Qxe3+ 25. Qf2 Qxf2+ 26. Kxf2 b6 27.
Bb7 a5 28. Ke3 a4 29. Be4 axb3 30. axb3 Be7 31. Kf4 h6 32. h4 g5+ 33. Kg4 Bb5
34. Bf3 Be8 35. hxg5 Bxg5 36. Be4 Bd2 37. Kf3 Bb5 38. Bb7 Kf7 39. Kg4 Be2+ 0-1

[Event "VIII Open A"]
[Site "Bergamo ITA"]
[Date "2009.07.17"]
[Round "2"]
[White "Pedini, Dario"]
[Black "Corbellini, Nicola"]
[Result "1-0"]
[WhiteElo "2164"]
[BlackElo "1964"]
[PlyCount "43"]
[EventDate "2009.07.17"]

1. e4 c5 2. Nc3 a6 3. g3 b5 4. Bg2 Bb7 5. d3 e6 6. Nh3 Nf6 7. O-O d6 8. f4 Nc6
9. Ne2 Qc7 10. c3 Be7 11. Nf2 d5 12. e5 Nd7 13. d4 c4 14. f5 Nb6 15. fxe6 fxe6
16. Nf4 Nd8 17. Qh5+ Kd7 18. Ng6 Rg8 19. Qxh7 Nf7 20. Ng4 Nh8 21. Nxe7 Kxe7 22.
Bg5+ 1-0

[Event "VIII Open A"]
[Site "Bergamo ITA"]
[Date "2009.07.17"]
[Round "2"]
[White "Piro, Valerio"]
[Black "Scarabelli, Maurizio"]
[Result "1-0"]
[WhiteElo "2068"]
[BlackElo "1916"]
[PlyCount "89"]
[EventDate "2009.07.17"]

1. Nf3 e6 2. c4 Nf6 3. Nc3 Be7 4. e4 d6 5. d4 a6 6. Bd3 c5 7. dxc5 dxc5 8. e5
Nfd7 9. O-O Nc6 10. Qe2 Qc7 11. Bf4 Nf8 12. Rad1 Ng6 13. Bg3 Bd7 14. Bxg6 hxg6
15. Ne4 Rh5 16. Nd6+ Kf8 17. Rd2 Rd8 18. Rfd1 Nb8 19. Rd3 Nc6 20. Qd2 Nb4 21.
Nxf7 Kxf7 22. Rxd7 Rxd7 23. Qxd7 Qxd7 24. Rxd7 Ke8 25. Rxb7 Nxa2 26. Rb6 Nc1
27. Rxe6 Kf7 28. Rxa6 Ne2+ 29. Kf1 Nxg3+ 30. hxg3 Rh1+ 31. Ng1 Rh8 32. Rb6 Ra8
33. f4 Ra1+ 34. Kf2 Rc1 35. b3 Rc2+ 36. Kf1 Rc1+ 37. Kf2 Rc2+ 38. Ne2 Rb2 39.
Kf3 Bd8 40. Rb7+ Be7 41. Nc3 g5 42. Nd5 gxf4 43. gxf4 Rb1 44. Nxe7 Ke6 45. Nd5
1-0

[Event "VIII Open A"]
[Site "Bergamo ITA"]
[Date "2009.07.17"]
[Round "2"]
[White "Pomaro, Alberto"]
[Black "Salvador, Roland"]
[Result "1-0"]
[WhiteElo "2284"]
[BlackElo "2447"]
[PlyCount "137"]
[EventDate "2009.07.17"]

1. e4 c5 2. Nf3 Nc6 3. d4 cxd4 4. Nxd4 e5 5. Nb5 d6 6. N1c3 a6 7. Na3 b5 8. Nd5
Nge7 9. c4 Nxd5 10. exd5 Nd4 11. cxb5 Bd7 12. bxa6 Qa5+ 13. Bd2 Qxd5 14. Nc4
Be7 15. Ne3 Qe4 16. Bc4 O-O 17. O-O Be6 18. f3 Qc6 19. Bxe6 fxe6 20. Bc3 Nb5
21. Qb3 Nxc3 22. Qxc3 Qxc3 23. bxc3 Rfc8 24. Rfc1 Bg5 25. Kf2 Rxa6 26. Rc2 Ra3
27. Nd1 Rca8 28. Ke2 d5 29. Nf2 Rc8 30. c4 Rxc4 31. Rxc4 dxc4 32. Ne4 Be7 33.
Kf1 c3 34. Rc1 Bb4 35. Rc2 Kf7 36. Ke2 Kg6 37. Kd3 h6 38. Kc4 Ba5 39. Kb5 h5
40. Nd6 Bc7 41. Nc4 Ra7 42. a4 e4 43. fxe4 Bxh2 44. Rxc3 Kg5 45. a5 h4 46. a6
Bg1 47. Rc1 Bd4 48. Rd1 e5 49. Na5 Kf4 50. Nc6 Rd7 51. Nxd4 exd4 52. Kc6 Rd8
53. Kc7 Rh8 54. Kb7 Rd8 55. Re1 Ke5 56. a7 Rd7+ 57. Kb6 Rd8 58. Kc7 Rf8 59. Rf1
Rh8 60. Rf7 d3 61. Re7+ Kf4 62. Rd7 Kxe4 63. Rd8 Rxd8 64. Kxd8 d2 65. a8=Q+ Kd3
66. Qf3+ Kc2 67. Qe2 g5 68. Ke7 g4 69. Qc4+ 1-0

[Event "VIII Open A"]
[Site "Bergamo ITA"]
[Date "2009.07.17"]
[Round "2"]
[White "Regorda, Massimiliano"]
[Black "Zanetti, Alberto"]
[Result "1/2-1/2"]
[WhiteElo "1920"]
[BlackElo "2190"]
[PlyCount "46"]
[EventDate "2009.07.17"]

1. e4 c5 2. Nf3 e6 3. d4 cxd4 4. Nxd4 a6 5. Nc3 b5 6. a3 Bb7 7. Bd3 Nc6 8. Nxc6
Bxc6 9. O-O Qc7 10. Qe2 Be7 11. Bd2 Nf6 12. e5 Nd5 13. Nxd5 Bxd5 14. Rfe1 O-O
15. Qh5 g6 16. Qh6 Rfc8 17. Bg5 Bxg5 18. Qxg5 Qd8 19. Qh6 f5 20. Re3 Qf8 21.
Qg5 Qd8 22. Qh6 Qf8 23. Qg5 Qd8 1/2-1/2

[Event "VIII Open A"]
[Site "Bergamo ITA"]
[Date "2009.07.17"]
[Round "2"]
[White "Rombaldoni, Axel"]
[Black "Del Noce, Roberto"]
[Result "1-0"]
[WhiteElo "2425"]
[BlackElo "1857"]
[PlyCount "45"]
[EventDate "2009.07.17"]

1. e4 c5 2. Nf3 Nc6 3. Nc3 d6 4. d4 cxd4 5. Nxd4 Nf6 6. Bc4 e6 7. Be3 Be7 8.
Qe2 O-O 9. O-O-O a6 10. Bb3 Nxd4 11. Bxd4 b5 12. g4 Bb7 13. g5 Nd7 14. h4 Qc7
15. g6 hxg6 16. h5 b4 17. hxg6 Bg5+ 18. Kb1 Bh6 19. Rxh6 gxh6 20. Qh5 Ne5 21.
Qxh6 fxg6 22. Bxe6+ Rf7 23. Rh1 1-0

[Event "VIII Open A"]
[Site "Bergamo ITA"]
[Date "2009.07.17"]
[Round "2"]
[White "Seyfried, Claus"]
[Black "Giannetta, Paolo"]
[Result "1/2-1/2"]
[WhiteElo "1965"]
[BlackElo "1930"]
[PlyCount "45"]
[EventDate "2009.07.17"]

1. e4 d5 2. exd5 Qxd5 3. Nc3 Qd8 4. d4 Nf6 5. Bg5 c6 6. Qd2 h6 7. Bh4 Bf5 8.
Nf3 e6 9. Ne5 Be7 10. Be2 Nbd7 11. O-O-O Nxe5 12. dxe5 Qxd2+ 13. Rxd2 Nd7 14.
Bxe7 Kxe7 15. f4 g5 16. g3 gxf4 17. gxf4 Rhg8 18. Bf3 f6 19. Rhd1 Rad8 20.
exf6+ Nxf6 21. Rxd8 Rxd8 22. Rxd8 Kxd8 23. Ne2 1/2-1/2

[Event "VIII Open A"]
[Site "Bergamo ITA"]
[Date "2009.07.17"]
[Round "2"]
[White "Solodovnichenko, Yuri"]
[Black "Borsos, Bogdan"]
[Result "1-0"]
[WhiteElo "2596"]
[BlackElo "2289"]
[PlyCount "129"]
[EventDate "2009.07.17"]

1. e4 e5 2. Nf3 Nc6 3. Bb5 a6 4. Ba4 d6 5. c3 Bd7 6. d4 Nge7 7. Be3 h6 8. Nbd2
Ng6 9. g3 Be7 10. h4 Bf6 11. d5 Nb8 12. c4 a5 13. c5 O-O 14. cxd6 cxd6 15. Bxd7
Qxd7 16. Nc4 Bd8 17. a4 Na6 18. O-O Nb4 19. Nh2 Ra6 20. h5 Ne7 21. g4 Nc8 22.
b3 Nb6 23. Na3 Nc8 24. Qd2 Bb6 25. Bxb6 Nxb6 26. Rfc1 Qd8 27. Rc3 Nd7 28. Nf1
Nc5 29. f3 Rb6 30. Nc4 Nba6 31. Nxb6 Qxb6 32. Qe3 Qb4 33. Nd2 Qb6 34. Nc4 Qd8
35. Ra2 f6 36. Re2 Re8 37. Kg2 b6 38. Qd2 Nb4 39. Ne3 Re7 40. Nf5 Rd7 41. Kh3
Qa8 42. Qd1 Qa6 43. Rd2 Kf7 44. Kg2 Ke8 45. Ne3 Kf7 46. Nc4 Kg8 47. Qf1 Rd8 48.
Re3 Rd7 49. Rc3 Rd8 50. Ne3 Qxf1+ 51. Kxf1 Rc8 52. Ke2 Kf8 53. Rb2 Rb8 54. Nc2
Nba6 55. Ne3 Rb7 56. Rc1 Nb4 57. Rd1 Nba6 58. Nc2 Ke7 59. Ra1 Nb4 60. Nxb4 axb4
61. Rc1 Kd7 62. Rc4 Na6 63. Rbc2 Rb8 64. Ke3 Rb7 65. Rc8 1-0

[Event "VIII Open A"]
[Site "Bergamo ITA"]
[Date "2009.07.17"]
[Round "2"]
[White "Tiengo, Davide"]
[Black "Aimi, Luca"]
[Result "1/2-1/2"]
[WhiteElo "2118"]
[BlackElo "1945"]
[PlyCount "58"]
[EventDate "2009.07.17"]

1. d4 d5 2. c4 e6 3. Nc3 Nf6 4. Nf3 c6 5. e3 Nbd7 6. Bd3 dxc4 7. Bxc4 b5 8. Bd3
a6 9. O-O c5 10. Qe2 cxd4 11. Nxd4 Nc5 12. Bc2 Bb7 13. Rd1 Qc7 14. a3 Bd6 15.
h3 O-O 16. Bd2 Rad8 17. Rac1 Qb8 18. Be1 Nce4 19. Nxe4 Nxe4 20. Qf3 Nf6 21. Qe2
Qa8 22. Qf1 Nd5 23. Ba5 Rc8 24. Qd3 g6 25. Nf3 Be7 26. Ne5 Rfe8 27. Nd7 Bc6 28.
Ne5 Bb7 29. Nd7 Bc6 1/2-1/2

[Event "VIII Open A"]
[Site "Bergamo ITA"]
[Date "2009.07.18"]
[Round "3"]
[White "Aghayev, Miragha"]
[Black "Mola, Pietro"]
[Result "0-1"]
[WhiteElo "2106"]
[BlackElo "2255"]
[PlyCount "52"]
[EventDate "2009.07.17"]

1. e4 c5 2. Nf3 d6 3. d4 cxd4 4. Nxd4 Nf6 5. Nc3 a6 6. f3 e6 7. Be3 b5 8. Qd2
Nbd7 9. g4 Nb6 10. g5 Nfd7 11. O-O-O Bb7 12. Qf2 Rc8 13. Nb3 Rxc3 14. bxc3 Qc7
15. Kb1 Na4 16. Bd2 d5 17. exd5 Bxd5 18. Bd3 Ba3 19. Rde1 Ndb6 20. Qd4 O-O 21.
Ref1 Nc4 22. Be1 Bb2 23. a3 Rc8 24. Ka2 Qe7 25. Kb1 Qxa3 26. Be4 Qa1+ 0-1

[Event "VIII Open A"]
[Site "Bergamo ITA"]
[Date "2009.07.18"]
[Round "3"]
[White "Astengo, Marcello"]
[Black "Damia, Angelo"]
[Result "0-1"]
[WhiteElo "2117"]
[BlackElo "2291"]
[PlyCount "70"]
[EventDate "2009.07.17"]

1. d4 d5 2. c4 c6 3. Nc3 Nf6 4. e3 e6 5. Nf3 Nbd7 6. Bd3 dxc4 7. Bxc4 b5 8. Bd3
a6 9. e4 c5 10. e5 Ng4 11. Ng5 cxd4 12. Qxg4 Nxe5 13. Qe4 dxc3 14. Bc2 Qd5 15.
Qf4 h6 16. Be4 hxg5 17. Bxd5 gxf4 18. Bxa8 cxb2 19. Bxb2 Nd3+ 20. Ke2 Nxb2 21.
Rhc1 Bd7 22. Rc7 Bd6 23. Ra7 b4 24. Be4 Bb5+ 25. Kf3 O-O 26. g3 f5 27. Bc2 Rf7
28. Ra8+ Kh7 29. Rd8 Bc7 30. Rc8 Bc6+ 31. Ke2 f3+ 32. Kf1 Bd5 33. Bb3 Nc4 34.
Kg1 Nd6 35. Rc1 Nxc8 0-1

[Event "VIII Open A"]
[Site "Bergamo ITA"]
[Date "2009.07.18"]
[Round "3"]
[White "Bolico, Exfelicos"]
[Black "Kimbin, Richard Conrod"]
[Result "1/2-1/2"]
[WhiteElo "2190"]
[BlackElo "1907"]
[PlyCount "60"]
[EventDate "2009.07.17"]

1. d4 Nf6 2. Nf3 g6 3. Bg5 Bg7 4. Nbd2 d6 5. e4 Bg4 6. Be2 O-O 7. h3 Bxf3 8.
Bxf3 Nbd7 9. Qe2 c6 10. c3 Rc8 11. O-O Qa5 12. e5 dxe5 13. Nc4 Qd8 14. dxe5 Nd5
15. e6 Nc5 16. exf7+ Rxf7 17. Bg4 Rc7 18. Rad1 Qe8 19. Ne5 Rf8 20. b4 Na4 21.
Rxd5 cxd5 22. Nd7 Rf7 23. Qb5 Nxc3 24. Nf6+ Rxf6 25. Qxe8+ Rf8 26. Qxe7 Rxe7
27. Bxe7 Re8 28. Bg5 Nxa2 29. Bd7 Re2 30. Bg4 Re8 1/2-1/2

[Event "VIII Open A"]
[Site "Bergamo ITA"]
[Date "2009.07.18"]
[Round "3"]
[White "Borgo, Giulio"]
[Black "Solodovnichenko, Yuri"]
[Result "0-1"]
[WhiteElo "2433"]
[BlackElo "2596"]
[PlyCount "140"]
[EventDate "2009.07.17"]

1. Nf3 d5 2. d4 Nf6 3. c4 e6 4. Nc3 c6 5. e3 Nbd7 6. Qc2 Bd6 7. Bd3 dxc4 8.
Bxc4 b5 9. Bd3 Bb7 10. O-O O-O 11. Rd1 a6 12. e4 e5 13. g3 Qc7 14. a4 Rfe8 15.
dxe5 Nxe5 16. Nxe5 Bxe5 17. Ne2 c5 18. axb5 axb5 19. Rxa8 Rxa8 20. b3 Rc8 21.
Bf4 g5 22. Bxe5 Qxe5 23. Bxb5 Bxe4 24. Qd2 Bf3 25. Re1 Qf5 26. Nc3 h6 27. Qd3
Qxd3 28. Bxd3 Rd8 29. Be2 Re8 30. Kf1 Bc6 31. Rd1 Kg7 32. Rd6 Bd7 33. f3 Re3
34. Nd5 Re6 35. Rxe6 Bxe6 36. Ne3 Bxb3 37. Nf5+ Kh7 38. Nd6 Kg8 39. Ke1 Kf8 40.
Kd2 Be6 41. Nb7 Nd7 42. Kc3 Ke7 43. Bb5 Bd5 44. Bxd7 Bxb7 45. Bg4 Kd6 46. f4
gxf4 47. gxf4 Bg2 48. Bh5 Bd5 49. Bg4 Be6 50. Bf3 Ke7 51. Be4 Kf6 52. Bd3 Bf5
53. Ba6 Bg4 54. Bd3 Be6 55. Be4 Bf5 56. Bb7 Bb1 57. Kc4 Kf5 58. Kxc5 Kxf4 59.
Kd4 f6 60. Bc6 Bf5 61. Bg2 h5 62. Bc6 h4 63. Bg2 Bb1 64. Bd5 f5 65. Bg2 Be4 66.
Bf1 Kf3 67. Ke5 Kf2 68. Bc4 Kg1 69. Kf4 Kxh2 70. Bf1 h3 0-1

[Event "VIII Open A"]
[Site "Bergamo ITA"]
[Date "2009.07.18"]
[Round "3"]
[White "Borsos, Bogdan"]
[Black "Piantoni, Roberto"]
[Result "1-0"]
[WhiteElo "2289"]
[BlackElo "2111"]
[PlyCount "91"]
[EventDate "2009.07.17"]

1. e4 c6 2. c4 d5 3. cxd5 cxd5 4. exd5 Nf6 5. Qa4+ Nbd7 6. Nc3 g6 7. Bc4 Bg7 8.
d3 O-O 9. Nf3 a6 10. Qa3 Nb6 11. Qb3 Bg4 12. Be3 Nbd7 13. Qxb7 Bxf3 14. gxf3
Qa5 15. O-O Rfb8 16. Qc6 Ne5 17. Qc5 Qd8 18. Kg2 Qd7 19. Bf4 Rc8 20. Qe3 Nxc4
21. dxc4 Rxc4 22. Rad1 Nh5 23. Bg3 Rac8 24. Rfe1 Nxg3 25. hxg3 Bf6 26. Re2 Bxc3
27. bxc3 Rxc3 28. Qxe7 Qxe7 29. Rxe7 Rd8 30. Rd4 Ra3 31. d6 Kf8 32. Rf4 f5 33.
Rxh7 Kg8 34. Ra7 Rxa2 35. Rd4 Kf8 36. g4 Kg8 37. Kg3 Kf8 38. Rd5 Kg8 39. gxf5
gxf5 40. Kf4 Ra3 41. Re7 Ra4+ 42. Kxf5 Rf8+ 43. Ke6 Raf4 44. Rg5+ Kh8 45. Kd7
Rd4 46. Re4 1-0

[Event "VIII Open A"]
[Site "Bergamo ITA"]
[Date "2009.07.18"]
[Round "3"]
[White "Corbellini, Nicola"]
[Black "Cornaggia, Ranieri"]
[Result "1/2-1/2"]
[WhiteElo "1964"]
[BlackElo "1933"]
[PlyCount "76"]
[EventDate "2009.07.17"]

1. e4 e5 2. Nf3 Nc6 3. Bb5 a6 4. Ba4 Nge7 5. O-O d6 6. c3 Bd7 7. d4 Ng6 8. Re1
Be7 9. Nbd2 O-O 10. Nf1 Bf6 11. Bc2 Bg4 12. d5 Nb8 13. h3 Bc8 14. Ng3 Nd7 15.
a4 a5 16. Nh2 Bg5 17. b4 Bxc1 18. Rxc1 Nf6 19. Nhf1 Bd7 20. Rb1 b6 21. Ne3 Qe8
22. Ra1 Bc8 23. Nc4 Ba6 24. Bd3 Bxc4 25. Bxc4 Qd8 26. Bb5 Ne7 27. Qf3 Qc8 28.
Red1 Rd8 29. Nf1 c6 30. dxc6 Nxc6 31. bxa5 Rxa5 32. Ne3 Ra7 33. Nf5 Qc7 34. Rd3
g6 35. Ne3 Kg7 36. Rad1 Ne7 37. c4 Raa8 38. Qe2 Nxe4 1/2-1/2

[Event "VIII Open A"]
[Site "Bergamo ITA"]
[Date "2009.07.18"]
[Round "3"]
[White "De Palma, Fabrizio"]
[Black "Tiengo, Davide"]
[Result "0-1"]
[WhiteElo "2054"]
[BlackElo "2118"]
[PlyCount "56"]
[EventDate "2009.07.17"]

1. e4 c5 2. d4 cxd4 3. c3 d3 4. c4 d6 5. Nc3 Nc6 6. Bxd3 g6 7. Nge2 Bg7 8. O-O
Nf6 9. Nf4 O-O 10. Nfd5 Ng4 11. Be2 Nf6 12. Bg5 Nxd5 13. exd5 Nd4 14. Bg4 h5
15. Bxc8 Rxc8 16. Qa4 a6 17. Rac1 b5 18. cxb5 axb5 19. Qa7 Rc7 20. Qb6 Qc8 21.
Rce1 b4 22. Na4 Re8 23. Re4 Rc4 24. Rxe7 Rxe7 25. Bxe7 Rc1 26. Nc3 Rxf1+ 27.
Kxf1 Qc4+ 28. Kg1 bxc3 0-1

[Event "VIII Open A"]
[Site "Bergamo ITA"]
[Date "2009.07.18"]
[Round "3"]
[White "Gromovs, Sergejs"]
[Black "Giancotti, Eraldo"]
[Result "1-0"]
[WhiteElo "2339"]
[BlackElo "2100"]
[PlyCount "39"]
[EventDate "2009.07.17"]

1. d4 f5 2. e4 fxe4 3. Nc3 Nf6 4. Bg5 Nc6 5. Bb5 e6 6. f3 Bb4 7. fxe4 Bxc3+ 8.
bxc3 Ne7 9. Bd3 d6 10. Nf3 Qd7 11. O-O Qc6 12. Qe1 Ng6 13. e5 Nd5 14. exd6 cxd6
15. Bd2 Nde7 16. Ng5 d5 17. Rf7 h6 18. Rxg7 e5 19. Nf7 Rf8 20. Bb5 1-0

[Event "VIII Open A"]
[Site "Bergamo ITA"]
[Date "2009.07.18"]
[Round "3"]
[White "Lalic, Bogdan"]
[Black "Gatterer, Florian"]
[Result "1/2-1/2"]
[WhiteElo "2517"]
[BlackElo "2323"]
[PlyCount "98"]
[EventDate "2009.07.17"]

1. d4 d5 2. c4 c6 3. Nf3 Nf6 4. Nc3 a6 5. c5 Bf5 6. Bf4 Nbd7 7. e3 e6 8. Nd2
Bg6 9. Be2 Be7 10. b4 Qc8 11. a4 Bd8 12. O-O Bc7 13. Bxc7 Qxc7 14. f4 O-O 15.
g4 Ne4 16. Ndxe4 Bxe4 17. Nxe4 dxe4 18. g5 f5 19. Qb3 Rfe8 20. b5 axb5 21. axb5
Kf7 22. Ra4 Reb8 23. Rfa1 Rxa4 24. Qxa4 Ke7 25. Qa7 Qc8 26. Kf2 Kd8 27. Qa5+
Ke7 28. Qc3 Kf7 29. Ra7 Ra8 30. Qa1 Rxa7 31. Qxa7 Qb8 32. Qa2 Nf8 33. Ke1 Nd7
34. Bc4 Nf8 35. Kd2 Ke7 36. Kc3 Qc8 37. Kb4 Qb8 38. Qa1 Kf7 39. Kc3 Nd7 40. Qa2
Nf8 41. Bb3 Ke7 42. bxc6 bxc6 43. Qa6 Qc7 44. Qa8 Nd7 45. Qg8 Qa5+ 46. Kc2 Qe1
47. Qxg7+ Kd8 48. Bxe6 Qe2+ 49. Kb3 Qb5+ 1/2-1/2

[Event "VIII Open A"]
[Site "Bergamo ITA"]
[Date "2009.07.18"]
[Round "3"]
[White "Lossin, Sven-Hendrik"]
[Black "Stips, Felix"]
[Result "0-1"]
[WhiteElo "2091"]
[BlackElo "2240"]
[PlyCount "72"]
[EventDate "2009.07.17"]

1. d4 d5 2. Nf3 Nf6 3. c4 c6 4. e3 a6 5. Nc3 b5 6. c5 g6 7. Ne5 Ne4 8. f3 Nxc3
9. bxc3 f6 10. Nd3 e5 11. a4 Bg7 12. Nb4 Bb7 13. Bd3 O-O 14. Qb3 Kh8 15. h4 f5
16. axb5 cxb5 17. h5 e4 18. hxg6 exd3 19. Rxh7+ Kg8 20. Nxd3 Rf6 21. Nf4 Rxg6
22. Rh5 Rf6 23. e4 fxe4 24. Nxd5 Rf7 25. fxe4 Nc6 26. Bg5 Qe8 27. Rh4 Qe6 28.
Qa2 Qg6 29. Qd2 Re8 30. O-O-O Rxe4 31. Rxe4 Qxe4 32. Ne3 Na5 33. Qc2 Nc4 34. d5
Qe5 35. Qg6 Qxc3+ 36. Qc2 Qa3+ 0-1

[Event "VIII Open A"]
[Site "Bergamo ITA"]
[Date "2009.07.18"]
[Round "3"]
[White "Nielsen, Steffen"]
[Black "Regorda, Massimiliano"]
[Result "1-0"]
[WhiteElo "2206"]
[BlackElo "1920"]
[PlyCount "59"]
[EventDate "2009.07.17"]

1. e4 e5 2. Nf3 Nc6 3. Bc4 Be7 4. O-O Nf6 5. d4 d6 6. d5 Nb8 7. Nbd2 O-O 8. Re1
c6 9. dxc6 Nxc6 10. Nf1 Bg4 11. c3 Rc8 12. Bb3 Nd7 13. Ng3 Nc5 14. Bd5 Bh4 15.
Nf5 Bxf5 16. exf5 Bf6 17. g4 Ne7 18. g5 Nxd5 19. Qxd5 Be7 20. Kh1 e4 21. f6
Bxf6 22. gxf6 Qxf6 23. Ng5 h6 24. Nxe4 Qf3+ 25. Kg1 Rce8 26. Re3 Qg4+ 27. Ng3
Rxe3 28. Bxe3 Re8 29. Bxc5 dxc5 30. Qxc5 1-0

[Event "VIII Open A"]
[Site "Bergamo ITA"]
[Date "2009.07.18"]
[Round "3"]
[White "Pinto, Antonio"]
[Black "D'Alessio, Angelo"]
[Result "1-0"]
[WhiteElo "1935"]
[BlackElo "2044"]
[PlyCount "91"]
[EventDate "2009.07.17"]

1. e4 c5 2. Nf3 e6 3. d4 cxd4 4. Nxd4 a6 5. c4 Nf6 6. Nc3 Qc7 7. Bd3 Nc6 8.
Nxc6 bxc6 9. O-O d6 10. Kh1 Be7 11. Qe2 O-O 12. f4 e5 13. f5 Bb7 14. g4 d5 15.
g5 Nxe4 16. Nxe4 dxe4 17. Bxe4 c5 18. f6 Bd8 19. Bd2 Rc8 20. Rae1 Bxe4+ 21.
Qxe4 Re8 22. Rf5 Re6 23. Rxe5 Qc6 24. Rxe6 fxe6 25. Qxc6 Rxc6 26. fxg7 Kxg7 27.
Bf4 Kg6 28. Rd1 Be7 29. h4 Bf8 30. Kg2 Bg7 31. b3 e5 32. Bg3 e4 33. Rd7 Bd4 34.
Kf1 h6 35. gxh6 Rf6+ 36. Ke2 Kxh6 37. Rd6 Kg6 38. Rxf6+ Kxf6 39. Bf2 Kf5 40.
Bxd4 cxd4 41. c5 Kf4 42. c6 d3+ 43. Ke1 e3 44. c7 Kf3 45. c8=Q d2+ 46. Kd1 1-0

[Event "VIII Open A"]
[Site "Bergamo ITA"]
[Date "2009.07.18"]
[Round "3"]
[White "Ranfagni, Stefano"]
[Black "Moreschi, Mauro"]
[Result "1-0"]
[WhiteElo "2036"]
[BlackElo "1911"]
[PlyCount "79"]
[EventDate "2009.07.17"]

1. e4 d6 2. d4 Nf6 3. Nc3 e5 4. Nf3 exd4 5. Nxd4 g6 6. Bd3 Bg7 7. O-O O-O 8.
Bg5 h6 9. Bh4 g5 10. Bg3 Nc6 11. Nxc6 bxc6 12. f4 Ng4 13. Qd2 Bd4+ 14. Kh1 Be3
15. Qe2 gxf4 16. Bxf4 Bxf4 17. Rxf4 Ne5 18. Raf1 Be6 19. Rf6 Kg7 20. R6f4 Rh8
21. Qf2 Kf8 22. Ne2 c5 23. Ng3 Ke8 24. Nh5 Kd7 25. Nf6+ Kc8 26. Ba6+ Kb8 27.
Qe2 c6 28. b4 c4 29. b5 Qb6 30. a4 Kc7 31. Qd2 cxb5 32. axb5 Rad8 33. Nd5+ Bxd5
34. Qxd5 Rd7 35. Rf6 h5 36. R1f5 Ng4 37. Rxf7 Rh7 38. Qxc4+ Qc5 39. Rxc5+ dxc5
40. Qxc5+ 1-0

[Event "VIII Open A"]
[Site "Bergamo ITA"]
[Date "2009.07.18"]
[Round "3"]
[White "Rombaldoni, Axel"]
[Black "Bojkov, Dejan"]
[Result "1-0"]
[WhiteElo "2425"]
[BlackElo "2521"]
[PlyCount "89"]
[EventDate "2009.07.17"]

1. e4 e5 2. Nf3 Nc6 3. Bb5 a6 4. Ba4 Nf6 5. d3 b5 6. Bb3 Be7 7. O-O d6 8. a4 b4
9. a5 O-O 10. Nbd2 Be6 11. Bc4 Nd7 12. b3 Nc5 13. Bb2 Bf6 14. Ra2 Qd7 15. Qa1
Rfe8 16. Re1 Rab8 17. h3 g6 18. d4 Bxc4 19. dxc5 Be6 20. cxd6 cxd6 21. Rd1 Qc7
22. Nf1 Rb5 23. Ne3 Rc5 24. Nd2 Nxa5 25. f4 Bd8 26. f5 Bc8 27. Nd5 Rxd5 28.
exd5 Bxf5 29. c4 Qc5+ 30. Kh1 Bb6 31. Ra4 h5 32. Re1 Rb8 33. Qd1 Nb7 34. Qf3 a5
35. g4 hxg4 36. hxg4 Bc2 37. Raa1 Kg7 38. Rxe5 Kg8 39. Re7 Qf2 40. Qh3 Bd4 41.
Bxd4 Qxd4 42. Rae1 Kg7 43. Re8 Rxe8 44. Rxe8 Be4+ 45. Nxe4 1-0